Di Hadapan Pulau dan Antologi Anak Laut : Tingkatan 4
| Main Author: | |
|---|---|
| Format: | Book |
| Published: |
Petaling Jaya,Selangor :
Sasbadi Sdn. Bhd. ,
2002
|
| Series: | Kupasan & Kajian Merit Komsas
|
| Subjects: |
MARC
| LEADER | 00000cam a2200000 7i4500 | ||
|---|---|---|---|
| 001 | 0000063539 | ||
| 005 | 20211206.0 | ||
| 008 | 081210 bm | ||
| 020 | |a 9835913218 | ||
| 090 | 0 | 0 | |a R 899.28 MOH |
| 100 | 1 | |a Mohd. Ismail Sarbini | |
| 245 | 1 | 0 | |a Di Hadapan Pulau dan Antologi Anak Laut : |b Tingkatan 4 |c Mohd. Ismail Sarbini dan Abu Seman Bakar |
| 260 | |a Petaling Jaya,Selangor : |b Sasbadi Sdn. Bhd. , |c 2002 | ||
| 300 | |a xxi,218p. : |b ill. ; |c 21cm. | ||
| 440 | 0 | |a Kupasan & Kajian Merit Komsas | |
| 650 | 0 | 0 | |a Malay Literature |
| 999 | |a 212244 |b Buku |c Rujukan |e Perbadanan Perpustakaan Awam Melaka | ||